Largest Cities in Maine🦞 - Statistics

General Stats
  • This quiz has been taken 34 times
  • The average score is 6 of 15
Answer Stats
Population City % Correct
32k Bangor
90%
18k Augusta
87%
66k Portland
87%
25k South Portland
61%
36k Lewiston
58%
19k Saco
45%
21k Biddeford
42%
23k Auburn
32%
16k Waterville
26%
20k Brunswick
23%
21k Sanford
23%
19k Westbrook
23%
20k Scarborough
19%
17k Gorham
6%
18k Windham
3%
No matching quizzes found
Score Distribution
Percent of People with Each Score
Percentile by Number Answered
Your Score History
You have not taken this quiz